Statistics for Movies with Household Terms in the Title

Click here to take the quiz!

General Stats

  • This quiz has been taken 196 times
    (117 since last reset)
  • The average score is 13 of 22

Answer Stats

DateMovie% Correct
1971Fiddler on the {Roof}
97%
1953Knights of the Round {Table}
93%
1967{Bed}azzled
86%
1984This is Spinal {Tap}
84%
1971Bedknobs and {Broom}sticks
83%
1954Rear {Window}
83%
2006{Pan}'s Labyrinth
81%
1998{Lock}, Stock and Two Smoking Barrels
75%
1951David and {Bath}sheba
67%
1987Flowers in the {Attic}
67%
1980The {Mirror} Crack'd
67%
1946The Spiral {Staircase}
67%
1964The {Carpet}baggers
62%
1995The Indian in the {Cupboard}
61%
1960{Sink} the Bismarck
60%
2004The {Door} in the Floor
45%
2008{Iron} Man
42%
1966Torn {Curtain}
39%
2007Man in the {Chair}
36%
1987The Brave Little {Toaster}
27%
2006{Kettle} of Fish
13%
1950The Blue {Lamp}
10%

Score Distribution

Percentile by Number Answered

Percent of People with Each Score

Your Score History

You have not taken this quiz since the last reset